000 00623nam a2200157 4500
999 _c16546
_d16546
008 220223b ||||| |||| 00| 0 eng d
022 _a0091-4169
082 _aDPer 364.05 J82 2011 v101 n.2
100 _aRowe, Michael.
_944064
245 _aContemporary prosecutions of civil rights era crimes:
_ban argument against retroactive application of statute of limitations amendments/
_cMichael Rowe.
260 _aEvanston:
_bNorthwestern University Press,
_cc2011.
300 _av101 n2, pages 699-726;
_c25 cm.
500 _aThe Journal of Criminal Law and Criminology.
650 _aCivil rights.
_944065
942 _2ddc
_cPER